| 000 | 00984cam a2200301 a 4500 | ||
|---|---|---|---|
| 999 |
_c8799 _d8799 |
||
| 001 | 8799 | ||
| 003 | BD-JhCC | ||
| 005 | 20180322191429.0 | ||
| 008 | 861106s1987 ilua b 000 0 eng | ||
| 020 | _a1556230176 | ||
| 035 | _a(BD-JhCC)8799 | ||
| 040 |
_aDLC _cDLC _dDLC _dBD-JhCC |
||
| 041 | _aeng | ||
| 050 | 0 | 0 |
_aHF1602.15.U6 _bO4 1987 |
| 082 | 0 | 0 |
_a337.52 _219 _bOMA 1987 |
| 100 | 1 |
_aOhmae, Kenichi _d1943 |
|
| 245 | 1 | 0 |
_aBeyond national borders : _breflections on Japan and the world / _cKenichi Ohmae. |
| 260 |
_aHomewood, Ill. : _bDow Jones-Irwin, _cc1987. |
||
| 300 |
_axi, 128 p. : _bill. ; _c24 cm. |
||
| 504 | _aIncludes bibliographical references. | ||
| 650 | 0 | _aInternational economic relations. | |
| 650 | 0 | _aCommunication in foreign trade. | |
| 651 | 0 |
_aJapan _xForeign economic relations _zUnited States. |
|
| 651 | 0 |
_aUnited States _xForeign economic relations _zJapan. |
|
| 651 | 0 |
_aJapan _xEconomic conditions _y1945-1989. |
|
| 942 |
_2ddc _cBK |
||